| 000 | 00954nam a2200325 4500 | ||
|---|---|---|---|
| 001 | 49874 | ||
| 003 | BD-RJUL | ||
| 005 | 20211209054736.0 | ||
| 008 | 160823s1939 maua b 001 0 eng | ||
| 035 | _aBD-RJUL 49994 | ||
| 035 | _a(OCoLC)10193142 | ||
| 035 | _aGLIS00248099 | ||
| 040 |
_aDLC _cDLC _dMYG _beng |
||
| 041 | _aeng | ||
| 082 |
_223 _a370.15 _bJUE 1939 |
||
| 099 | _aLB1051.G185 1984 | ||
| 100 | 1 |
_aJudd, charles H. _9149479 |
|
| 245 | 1 | 0 |
_aEducational psychology / _cCharles H. Judd |
| 260 |
_aBoston : _bHoughton Mifflin, _c1939 |
||
| 300 |
_a566 p. : _bill. ; _c24 cm. |
||
| 500 | _aAt head of title: Gage/Berliner. | ||
| 500 | _aIncludes indexes. | ||
| 504 | _aBibliography: p. 754-791. | ||
| 650 | 0 |
_aEducational psychology. _9149480 |
|
| 700 | 1 |
_aBerliner, David C. _9149481 |
|
| 740 | 0 | _aGage/Berliner educational psychology. | |
| 942 |
_2ddc _cBK |
||
| 949 |
_aMYGH _b39080003513626 |
||
| 999 |
_c49874 _d49874 |
||